Los fundamentos de la filosofía del derecho

Պահպանված է:
Մատենագիտական մանրամասներ
Հիմնական հեղինակ: Gentile, Giovanni
Ձևաչափ: Գիրք
Լեզու:Undetermined
Հրապարակվել է: Buenos Aires, Argentina Losada 1944
Խորագրեր:
Ցուցիչներ: Ավելացրեք ցուցիչ
Չկան պիտակներ, Եղեք առաջինը, ով նշում է այս գրառումը!

MARC

LEADER 00000nam a2200000Ia 4500
008 170316s9999 xx 000 0 und d
090 |a 100 G-22f 
100 |a Gentile, Giovanni 
245 |a Los fundamentos de la filosofía del derecho 
260 |a Buenos Aires, Argentina 
260 |b Losada 
260 |c 1944 
300 |a 180 páginas 
650 |a FILOSOFÍA 
999 |c 16276  |d 16276 
040 |a cru BVZT 
942 |c 15 D  |h 100 G-22f  |2 z